Direitos Fundamentais nas Relaė̳s de Trabalho

Bibliographic Details
Main Author: Sayô Romita, Arion
Format: eBook
Language:Portuguese
Published: San Pablo: LTR Editora, 2014
Subjects:
Online Access:Acceso restringido

MARC

LEADER 00000nam a22000007a 4500
005 20140711221642.0
007 cr|||| ||||
008 140711s2014 br |||||s|||| 00||0 por d
020 |a 978-85-361-2840-5 
035 |a 12113 
040 |a vLex 
090 |c 5034  |d 5034 
100 1 |a Sayô Romita, Arion 
245 1 0 |a Direitos Fundamentais nas Relaė̳s de Trabalho  |h [Recurso electrn̤ico] /  |c Arion Sayô Romita 
256 |a Servicio en ln̕ea 
260 |a San Pablo:  |b LTR Editora,  |c 2014 
300 |a 1 recurso electrn̤ico 
506 1 |a Disponible solo en los productos indicados  |d vLex Global  |d vLex Global (Academic Edition, excluding Law Schools)  |d vLex Global (U.S. Academic Edition, Law Schools)  |d vLex Global (U.S. Academic Edition, excluding Law Schools)  |d vLex Global (Academic Edition, Law Schools) 
650 0 4 |a Derecho Laboral y Seguridad Social  |z Brasil 
650 0 4 |a Derechos y Deberes fundamentales  |z Brasil 
740 0 |a vLex Libros (Servicio en ln̕ea) 
856 4 0 |u http://vlex.com/source/direitos-fundamentais-rela-es-trabalho-12113  |z Acceso restringido 
942 |c BOOK 
999 0 |a Labor Law and Social Security 
999 0 |a Fundamental Rights and Duties